000 00578nam a22001937a 4500
005 20251108170042.0
008 250721s9999 xx 000 0 ara d
082 1 4 _aط/ق/محج
100 1 _aعمر، محجوب
245 1 0 _aوحيد القرن و العصافير /
264 1 _aبيروت :
_bدار الفتي العربي،
_c[19-].
300 _a12ص
490 0 _aسلسلة المستقبل للاطفال
650 1 7 _aالقصص العربية
650 1 7 _aالأدب العربي
650 1 7 _aأدب الأطفال
942 _2ddc
_cBK
999 _c38480
_d38480